“玩具”地点数量≥500的地级行政区 Prefectures with ≥500 toy sites - Statistics

General Stats
  • This quiz has been taken 48 times
  • The average score is 12 of 22
Answer Stats
地级行政区 数量 % Correct
深圳 1133
93%
广州 863
93%
上海 837
93%
北京 949
90%
重庆 869
83%
东莞 2297
76%
成都 755
76%
金华 1479
74%
佛山 541
74%
天津 527
71%
郑州 685
67%
青岛 587
64%
温州 561
64%
汕头 3846
62%
临沂 1026
33%
保定 792
19%
扬州 770
19%
潍坊 729
17%
丽水 644
17%
济宁 525
14%
邢台 656
10%
滁州 669
0%
No matching quizzes found
Score Distribution
Percent of People with Each Score
Percentile by Number Answered
Your Score History
You have not taken this quiz